banner-ar

THE CESSNA 150 & 152 / (Record no. 11353)

MARC details
000 -الفاتح
حقل البيانات ثابتة الطول 00400nam a2200169Ia 4500
008 - عناصر البيانات ثابتة الطول - معلومات عامة
حقل البيانات ثابتة الطول 140319s9999 xx 000 0 eng d
040 ## - مصدر الفهرسة
وكالة الفهرسة الأصلية GCL /
وكالة النسخ GCL
082 04 - رقم تصنيف ديوى العشرى
رقم التصنيف 629.133
رقم المادة C C
100 1# - المدخل الرئيسى - إسم شخصى
الإسم الشخصى CLARKE, BILL
245 10 - بيان العنوان
العنوان THE CESSNA 150 & 152 /
بيان المسئوليه,etc CLARKE, BILL
300 ## - الوصف المادى
التعداد 248\P
650 04 - المدخل الاضافى بالموضوع-مصطلح موضوعى
مصطلح موضوعي CESSNA 152
650 04 - المدخل الاضافى بالموضوع-مصطلح موضوعى
مصطلح موضوعي CESSNA 150
942 ## - عناصر المدخل الإضافي( كوها)
مصدر التصنيف او مخطط الترفيف Dewey Decimal Classification
Koha [default] item type كتاب
260 ## - PUBLICATION, DISTRIBUTION, ETC. (IMPRINT)
-- [S.N] :
-- TAB BOOKS
Holdings
حالة التراجع حالة الفقد حالة تلف ليس للاعارة المكان المؤقت الموقع الحالى تاريخ الاكتساب اجمالي اﻻعارات رقم الطلب الباركود تاريخ اخر مشاهدة تاريخ تفعيل السعر نوع وعاء كوها
        مكتبة القاهرة الكبرى مكتبة القاهرة الكبرى 03/26/2014   629.133\C C 22502 03/26/2014 03/26/2014 كتاب

Powered By

EGPV